<?xml version="1.0" encoding="UTF-8"?>
<record
    xmlns:xsi="http://www.w3.org/2001/XMLSchema-instance"
    xsi:schemaLocation="http://www.loc.gov/MARC21/slim http://www.loc.gov/standards/marcxml/schema/MARC21slim.xsd"
    xmlns="http://www.loc.gov/MARC21/slim">

  <leader>02794njm a2200493Ia 4500</leader>
  <controlfield tag="001">24585</controlfield>
  <controlfield tag="003">IT-RoPAU</controlfield>
  <controlfield tag="005">20220918181122.0</controlfield>
  <controlfield tag="008">131025s9999    xx            000 0 und d</controlfield>
  <datafield tag="040" ind1=" " ind2=" ">
    <subfield code="a">IT-RoPAU</subfield>
  </datafield>
  <datafield tag="040" ind1=" " ind2=" ">
    <subfield code="c">IT-RoPAU</subfield>
  </datafield>
  <datafield tag="041" ind1=" " ind2=" ">
    <subfield code="a">ITALIANO</subfield>
  </datafield>
  <datafield tag="999" ind1=" " ind2=" ">
    <subfield code="c">99882</subfield>
    <subfield code="d">99882</subfield>
  </datafield>
  <datafield tag="999" ind1=" " ind2=" ">
    <subfield code="b">n.d.</subfield>
  </datafield>
  <datafield tag="100" ind1=" " ind2=" ">
    <subfield code="a">AA.VV.</subfield>
    <subfield code="9">794</subfield>
  </datafield>
  <datafield tag="100" ind1=" " ind2=" ">
    <subfield code="e">Autore musica</subfield>
    <subfield code="9">10716</subfield>
  </datafield>
  <datafield tag="100" ind1=" " ind2=" ">
    <subfield code="g">Codice autore musica SPICS: 12000</subfield>
    <subfield code="9">796</subfield>
  </datafield>
  <datafield tag="245" ind1=" " ind2=" ">
    <subfield code="a">Bocce e barbera...</subfield>
  </datafield>
  <datafield tag="250" ind1=" " ind2=" ">
    <subfield code="a">1a ed.</subfield>
  </datafield>
  <datafield tag="260" ind1=" " ind2=" ">
    <subfield code="a">MILANO</subfield>
  </datafield>
  <datafield tag="260" ind1=" " ind2=" ">
    <subfield code="b">COMBO RECORD</subfield>
    <subfield code="c">1965 [1a Ed.:1965]</subfield>
  </datafield>
  <datafield tag="300" ind1=" " ind2=" ">
    <subfield code="a">DISCO</subfield>
  </datafield>
  <datafield tag="500" ind1=" " ind2=" ">
    <subfield code="a">Musica popolare. Canzoni popolari per ballare: tango, valzer, tango rock, hully gully, folk</subfield>
  </datafield>
  <datafield tag="505" ind1=" " ind2=" ">
    <subfield code="a">Bocce e barbera (tango rock) - I sturnei del bauscia - Quand sona i campan... - Mamma dammi cento lire (hully gully) - Lo spazzacamino (valzer) - La Balilla - El soldato Gamella (monologo) - Il cacciator del bosco (valzer) - Duard... fa no el bauscia - Amor dammi quel fazzolettino - Il re della balera (tango) - I ciucat&#xE8; - Faccia da ligera - Milanesi e terroni</subfield>
  </datafield>
  <datafield tag="511" ind1=" " ind2=" ">
    <subfield code="a">Gianna</subfield>
  </datafield>
  <datafield tag="511" ind1=" " ind2=" ">
    <subfield code="a">El Drito De Giambelin</subfield>
  </datafield>
  <datafield tag="511" ind1=" " ind2=" ">
    <subfield code="a">Maranghi Gabriele</subfield>
  </datafield>
  <datafield tag="511" ind1=" " ind2=" ">
    <subfield code="a">Valle Adriano</subfield>
  </datafield>
  <datafield tag="511" ind1=" " ind2=" ">
    <subfield code="a">Rossi Sandro</subfield>
  </datafield>
  <datafield tag="511" ind1=" " ind2=" ">
    <subfield code="a">I Combos</subfield>
  </datafield>
  <datafield tag="511" ind1=" " ind2=" ">
    <subfield code="a">Trama M.</subfield>
  </datafield>
  <datafield tag="650" ind1=" " ind2=" ">
    <subfield code="a">POPOLARE [DISCHI]</subfield>
    <subfield code="e">Codice MATERIA SPICS: 9950</subfield>
    <subfield code="9">10717</subfield>
  </datafield>
  <datafield tag="700" ind1=" " ind2=" ">
    <subfield code="a">Palazio Gustavo</subfield>
    <subfield code="d">Codice autore musica SPICS: 2952</subfield>
    <subfield code="e">Autore musica</subfield>
    <subfield code="p">Bocce e barbera - Mamma dammi cento lire - Il re della balera - Faccia da ligera</subfield>
    <subfield code="9">10718</subfield>
  </datafield>
  <datafield tag="700" ind1=" " ind2=" ">
    <subfield code="a">Trama M.</subfield>
    <subfield code="d">Codice autore SPICS: 15632</subfield>
    <subfield code="e">Autore</subfield>
    <subfield code="p">Bocce e barbera - Mamma dammi cento lire - Il re della balera - Faccia da ligera</subfield>
    <subfield code="9">10719</subfield>
  </datafield>
  <datafield tag="700" ind1=" " ind2=" ">
    <subfield code="a">Piacentino Giuseppe</subfield>
    <subfield code="d">Codice autore musica SPICS: 2627</subfield>
    <subfield code="e">Autore musica</subfield>
    <subfield code="p">I sturnei del bauscia - La Balilla - El soldato Gamella - I ciucat&#xE8; - Milanesi e terroni</subfield>
    <subfield code="9">10720</subfield>
  </datafield>
  <datafield tag="700" ind1=" " ind2=" ">
    <subfield code="a">Tofani Paolo</subfield>
    <subfield code="d">Codice autore SPICS: 15634</subfield>
    <subfield code="e">Autore</subfield>
    <subfield code="p">I sturnei del bauscia</subfield>
    <subfield code="9">10721</subfield>
  </datafield>
  <datafield tag="700" ind1=" " ind2=" ">
    <subfield code="a">Bracchi Alfredo</subfield>
    <subfield code="d">Codice autore musica SPICS: 13448</subfield>
    <subfield code="e">Autore musica</subfield>
    <subfield code="p">Quand sona i campan... - Duard... fa no el bauscia</subfield>
    <subfield code="9">10722</subfield>
  </datafield>
  <datafield tag="700" ind1=" " ind2=" ">
    <subfield code="a">D'Anzi Giovanni</subfield>
    <subfield code="d">Codice autore SPICS: 13458</subfield>
    <subfield code="e">Autore</subfield>
    <subfield code="p">Quand sona i campan... - Duard... fa no el bauscia</subfield>
    <subfield code="9">10723</subfield>
  </datafield>
  <datafield tag="700" ind1=" " ind2=" ">
    <subfield code="a">Dunnio</subfield>
    <subfield code="d">Codice autore musica SPICS: 18092</subfield>
    <subfield code="e">Autore musica</subfield>
    <subfield code="p">Lo spazzacamino - Il cacciator del bosco</subfield>
    <subfield code="9">10724</subfield>
  </datafield>
  <datafield tag="700" ind1=" " ind2=" ">
    <subfield code="a">David</subfield>
    <subfield code="d">Codice autore musica SPICS: 14115</subfield>
    <subfield code="e">Autore musica</subfield>
    <subfield code="p">La Balilla - I ciucat&#xE8; - Milanesi e terroni</subfield>
    <subfield code="9">10725</subfield>
  </datafield>
  <datafield tag="700" ind1=" " ind2=" ">
    <subfield code="a">Rossi Sandro</subfield>
    <subfield code="d">Codice autore musica SPICS: 15637</subfield>
    <subfield code="e">Autore musica</subfield>
    <subfield code="p">El soldato Gamella</subfield>
    <subfield code="9">10726</subfield>
  </datafield>
  <datafield tag="700" ind1=" " ind2=" ">
    <subfield code="a">Roberto</subfield>
    <subfield code="d">Codice autore musica SPICS: 15629</subfield>
    <subfield code="e">Autore musica</subfield>
    <subfield code="p">Il cacciator del bosco - Amor dammi quel fazzolettino</subfield>
    <subfield code="9">10727</subfield>
  </datafield>
  <datafield tag="700" ind1=" " ind2=" ">
    <subfield code="a">Anonimo</subfield>
    <subfield code="d">Codice autore musica SPICS: 2620</subfield>
    <subfield code="e">Autore musica</subfield>
    <subfield code="p">Amor dammi quel fazzolettino</subfield>
    <subfield code="9">10728</subfield>
  </datafield>
  <datafield tag="942" ind1=" " ind2=" ">
    <subfield code="c">MD</subfield>
    <subfield code="2">ddc</subfield>
  </datafield>
  <datafield tag="952" ind1=" " ind2=" ">
    <subfield code="0">0</subfield>
    <subfield code="1">0</subfield>
    <subfield code="4">0</subfield>
    <subfield code="6">24585_000000000000000</subfield>
    <subfield code="7">1</subfield>
    <subfield code="a">SPICS</subfield>
    <subfield code="b">SPICS</subfield>
    <subfield code="d">2013-10-25</subfield>
    <subfield code="l">0</subfield>
    <subfield code="o">24585</subfield>
    <subfield code="r">2013-10-25 00:00:00</subfield>
    <subfield code="w">2013-10-25</subfield>
    <subfield code="y">MD</subfield>
    <subfield code="z">Progr. Ins.: 5280 / N.Vol.: 1 / Copie: 1 - Copia rara: n.d. / date import: 01.01.2014 - By Epidotti, Trombetti, Vaglietti</subfield>
  </datafield>
</record>
